000 00711nam a2200241 a 4500
999 _c12261
_d12261
001 12261
003 BD-JhCC
005 20210916101957.0
008 210916b2020 bg |||| ||a| 000 0 Ben d
020 _a9847027400642
035 _a(BD-JhCC)12261
040 _aBD-JhCC
_dBD-JhCC
041 _abengali
082 _a297.61
_bRAH 2020
100 _aরহমান,ফুুাহমিদ-উর
245 _aউত্তর আধনিক মুসলিম মন-২ /
_cফুুাহমিদ-উর-রহমান
260 _aঢাকা:
_bবাসাপ;
_c2020.
300 _a480 p. :
_c22 cm.
650 _aMuslim scholars
650 _aReligion
942 _2ddc
_cBK